| 000 | 00433 a2200157 4500 | ||
|---|---|---|---|
| 001 | 15796 | ||
| 020 | _a9788592259730 | ||
| 040 | _cAnchieta - Bela Vista | ||
| 100 | _aFernandes, Renata | ||
| 240 | 1 | 0 |
_aPosso te contar um segredo? É legal compartilhar o brinquedo. _lpor |
| 245 | 1 | 0 | _aPosso te contar um segredo? É legal compartilhar o brinquedo. |
| 300 | _a28 | ||
| 362 | 0 | _a2018 | |
| 650 | 4 | _aLiteratura infantil | |
| 942 | _cBK | ||
| 999 |
_c15796 _d15796 |
||